[Event "Sunnyvale 1000 GM Thanksgiving IM2"]
[Site "Sunnyvale"]
[Date "2023.11.23"]
[Round "2"]
[White "Contreras, Henry"]
[Black "Yao, Hanchi"]
[Result "1/2-1/2"]
[WhiteElo "2103"]
[BlackElo "1857"]
[PlyCount "113"]
[EventDate "2023.11.22"]
[EventType "schev"]
[EventRounds "9"]
[EventCountry "USA"]
[SourceTitle "CB48_2023"]
[SourceDate "2023.11.29"]
[SourceVersion "1"]
[SourceVersionDate "2023.11.29"]
[SourceQuality "1"]

1. e4 c5 2. Nf3 Nc6 3. g3 d5 4. exd5 Qxd5 5. Nc3 Qd8 6. Bg2 Nf6 7. d3 Bg4 8. h3 Bh5 9. g4 Bg6 10. Qe2 e6 11. Bf4 Bd6 12. Be3 0-0 13. 0-0-0 e5 14. Bg5 h6 15. Bh4 Nd4 16. Qe3 Qb8 17. Kb1 Nd7 18. Nd5 Re8 19. Nd2 Nb6 20. Nxb6 axb6 21. Bd5 Kh7 22. Nf3 Qc7 23. Bg3 f5 24. Nh4 Bf7 25. Bxf7 Qxf7 26. c4 f4 27. Qe4+ g6 28. Bh2 b5 29. b3 bxc4 30. dxc4 Kg7 31. Rd3 Ra3 32. Rhd1 Rea8 33. R1d2 Rb8 34. Nf3 Qc7 35. h4 Rg8 36. h5 Kf6 37. hxg6 Rxg6 38. Nh4 Rg5 39. f3 Ra8 40. Bg1 Rag8 41. Bxd4 cxd4 42. Rh2 h5 43. Rd1 hxg4 44. fxg4 Rxg4 45. Qf5+ Ke7 46. Nf3 Kd8 47. Re1 Qd7 48. Qxd7+ Kxd7 49. Nxe5+ Bxe5 50. Rxe5 Rg1+ 51. Kc2 f3 52. Rh7+ Kd6 53. Rd5+ Ke6 54. Rxb7 R8g2+ 55. Kd3 f2 56. Rb6+ Ke7 57. Rb7+ 1/2-1/2

[Event "Sunnyvale 1000-C 09"]
[Site "Sunnyvale"]
[Date "2023.09.16"]
[Round "1"]
[White "Contreras, Henry"]
[Black "Wang, Andrew2222"]
[Result "1-0"]
[WhiteElo "2151"]
[BlackElo "1888"]
[PlyCount "86"]
[EventDate "2023.09.16"]
[EventType "schev"]
[EventRounds "5"]
[EventCountry "USA"]
[SourceTitle "EXT 2024"]
[Source "ChessBase"]
[SourceDate "2023.10.10"]
[SourceVersion "1"]
[SourceVersionDate "2023.10.10"]
[SourceQuality "1"]

1. e4 c5 2. Nf3 e6 3. d3 Nc6 4. g3 Nge7 5. Bg2 g6 6. 0-0 Bg7 7. Re1 d6 8. Nbd2 0-0 9. h4 e5 10. Nf1 f5 11. exf5 Bxf5 12. h5 Qd7 13. Ne3 Nd4 14. hxg6 Bxg6 15. Ng5 h6 16. Ne4 Kh7 17. c3 Ndf5 18. Qg4 Qc8 19. Nxf5 Bxf5 20. Qh4 Qd7 21. Bg5 Ng6 22. Qh5 Bg4 23. Qh1 Qf5 24. Be3 Rad8 25. f3 Bh5 26. g4 Bxg4 27. fxg4 Qxg4 28. Qh3 Qxh3 29. Bxh3 b6 30. c4 d5 31. cxd5 Rxd5 32. Rad1 Nf4 33. Bxf4 exf4 34. b3 Bd4+ 35. Kh2 Rg8 36. Rf1 Rh5 37. Rf3 Kh8 38. Rd2 Rg1 39. Rg2 Ra1 40. Nd6 Kh7 41. Nf7 Rh4 42. Nd8 Rd1 43. Ne6 Rh5 1-0

[Event "COL-chT rapid"]
[Site "Cartagena"]
[Date "2019.11.29"]
[Round "7.2"]
[White "Contreras, Henry"]
[Black "Navia Alvarez, Edwin Adrian"]
[Result "1/2-1/2"]
[WhiteElo "2248"]
[BlackElo "1990"]
[PlyCount "134"]
[EventDate "2019.11.29"]
[EventType "team-swiss"]
[EventRounds "7"]
[EventCountry "COL"]
[SourceTitle "CBM 193 Extra"]
[Source "ChessBase"]
[SourceDate "2020.01.31"]
[SourceVersion "1"]
[SourceVersionDate "2020.01.31"]
[SourceQuality "1"]
[WhiteTeam "Meta"]
[BlackTeam "Cauca"]
[WhiteTeamCountry "COL"]
[BlackTeamCountry "COL"]

1. e4 d5 2. exd5 Qxd5 3. Nf3 Bg4 4. Be2 Nc6 5. d4 0-0-0 6. c3 e5 7. c4 Qe4 8. Nbd2 Bb4 9. d5 Nd4 10. Nxd4 exd4 11. f3 Bxf3 12. gxf3 Qh4+ 13. Kf1 Qh3+ 14. Kf2 d3 15. Nb3 dxe2 16. Qxe2 Nf6 17. Bf4 Rhe8 18. Qc2 Bd6 19. Bg3 Rd7 20. c5 Rde7 21. Nd4 Be5 22. Qf5+ Qxf5 23. Nxf5 Bxg3+ 24. Nxg3 Nxd5 25. Rhd1 c6 26. a3 g6 27. Ne4 Kc7 28. Rd2 f5 29. Nd6 Rd8 30. Rad1 Rdd7 31. b4 Re6 32. h4 Rde7 33. Nb5+ cxb5 34. Rxd5 Re2+ 35. Kg3 R2e3 36. R1d3 Rxd3 37. Rxd3 b6 38. cxb6+ Kxb6 39. Kf4 Rc7 40. Kg5 Re7 41. h5 Re6 42. f4 a5 43. bxa5+ Kxa5 44. Rd7 Ka4 45. Rxh7 gxh5 46. Ra7+ Kb3 47. Kxf5 Rh6 48. Kg5 Rh8 49. Kh4 Rf8 50. Kg5 Rh8 51. Ra5 h4 52. Rxb5+ Kxa3 53. f5 h3 54. Rb1 h2 55. Rh1 Kb4 56. Kg6 Kc4 57. Kg7 Rh3 58. f6 Rg3+ 59. Kh7 Kd5 60. f7 Rf3 61. Kg7 Rg3+ 62. Kf6 Rf3+ 63. Ke7 Re3+ 64. Kd7 Rf3 65. Rd1+ Ke5 66. Ke7 Rxf7+ 67. Kxf7 Kf4 1/2-1/2

[Event "COL-chT"]
[Site "Cartagena"]
[Date "2019.11.28"]
[Round "7.1"]
[White "Ojeda, Jesus David"]
[Black "Contreras, Henry"]
[Result "0-1"]
[WhiteElo "2113"]
[BlackElo "2237"]
[PlyCount "94"]
[EventDate "2019.11.24"]
[EventType "team-swiss"]
[EventRounds "7"]
[EventCountry "COL"]
[SourceTitle "CBM 193 Extra"]
[Source "ChessBase"]
[SourceDate "2020.01.31"]
[SourceVersion "1"]
[SourceVersionDate "2020.01.31"]
[SourceQuality "1"]
[WhiteTeam "Norte de Santander"]
[BlackTeam "Meta"]
[WhiteTeamCountry "COL"]
[BlackTeamCountry "COL"]

1. d4 Nf6 2. Nf3 g6 3. Bf4 Bg7 4. e3 d6 5. h3 0-0 6. c4 b6 7. Nc3 Nbd7 8. Be2 Bb7 9. Qc2 c5 10. d5 a6 11. e4 Ne8 12. Rd1 Ne5 13. Qd2 Nxf3+ 14. gxf3 Bd4 15. Bh6 Ng7 16. h4 e5 17. h5 Nxh5 18. Na4 Nf4 19. Bxf4 exf4 20. Qxf4 h5 21. Qg3 b5 22. Nc3 b4 23. Na4 Bg7 24. f4 Qe8 25. Nb6 Qxe4 26. f3 Qe3 27. Nxa8 Rxa8 28. Kf1 Re8 29. Bd3 Bc8 30. Rh2 Kf8 31. b3 Bh6 32. Re2 Qxf4 33. Qxf4 Bh3+ 34. Kf2 Rxe2+ 35. Bxe2 Bxf4 36. a3 a5 37. axb4 axb4 38. Bd3 Bd7 39. Ra1 h4 40. Ra8+ Kg7 41. Ra7 Bh3 42. Be4 Kf6 43. Rb7 g5 44. Bh7 Ke5 45. Rxf7 Kd4 46. Bc2 Kc3 47. Bd1 Kd2 0-1

[Event "COL-chT"]
[Site "Cartagena"]
[Date "2019.11.25"]
[Round "3.1"]
[White "Contreras, Henry"]
[Black "Otalora Pacheco, Carlos Eduardo"]
[Result "1/2-1/2"]
[WhiteElo "2237"]
[BlackElo "2193"]
[PlyCount "163"]
[EventDate "2019.11.24"]
[EventType "team-swiss"]
[EventRounds "7"]
[EventCountry "COL"]
[SourceTitle "CBM 193 Extra"]
[Source "ChessBase"]
[SourceDate "2020.01.31"]
[SourceVersion "1"]
[SourceVersionDate "2020.01.31"]
[SourceQuality "1"]
[WhiteTeam "Meta"]
[BlackTeam "Boyaca"]
[WhiteTeamCountry "COL"]
[BlackTeamCountry "COL"]

1. e4 e5 2. Nf3 Nc6 3. d4 exd4 4. Nxd4 Bc5 5. Be3 Qf6 6. c3 Nge7 7. Bc4 Ne5 8. Be2 Qg6 9. 0-0 d6 10. f3 0-0 11. Nc2 Bxe3+ 12. Nxe3 f5 13. exf5 Nxf5 14. Nxf5 Bxf5 15. Nd2 Bc2 16. Qc1 Rae8 17. Nc4 Bd3 18. Nxe5 Rxe5 19. Bxd3 Qxd3 20. Rf2 Rfe8 21. Qd2 Qb5 22. Rd1 c6 23. h3 d5 24. b3 Qc5 25. Kh2 Re3 26. Rc1 Qd6+ 27. Kg1 Qf4 28. Rd1 Qe5 29. Rc1 h5 30. f4 Qe4 31. f5 Re1+ 32. Rxe1 Qxe1+ 33. Qxe1 Rxe1+ 34. Kh2 Re3 35. c4 d4 36. f6 c5 37. Rf5 b6 38. Rg5 g6 39. Rxg6+ Kf7 40. Rh6 Re5 41. Kg3 d3 42. Rh7+ Kxf6 43. Rd7 Re3+ 44. Kh4 Re4+ 45. Kg3 Re3+ 46. Kf4 Re2 47. Kf3 Rxa2 48. Rxd3 Ke6 49. g3 a5 50. Kf4 a4 51. Re3+ Kf6 52. Rd3 Ke6 53. Re3+ Kf6 54. bxa4 Rxa4 55. Re4 Rb4 56. h4 Ra4 57. Kf3 Ra3+ 58. Kg2 Rc3 59. Kf2 Kf5 60. Rf4+ Kg6 61. Kg2 Rb3 62. Rf3 Rb4 63. Rd3 Rxc4 64. Rd6+ Kg7 65. Rxb6 Rc3 66. Rc6 c4 67. Kf2 Rc1 68. Ke3 c3 69. Rc5 Kh6 70. Rg5 Rd1 71. Rc5 Rc1 72. Kf4 c2 73. Rc6+ Kg7 74. Kg5 Rg1 75. Rc7+ Kg8 76. Rxc2 Rxg3+ 77. Kxh5 Kh7 78. Rc7+ Rg7 79. Rc6 Ra7 80. Rc5 Rb7 81. Kg5 Ra7 82. h5 1/2-1/2

[Event "COL-ch sf1"]
[Site "Medellin"]
[Date "2019.04.18"]
[Round "4"]
[White "Martinez Romero, Martin"]
[Black "Contreras, Henry"]
[Result "1-0"]
[WhiteElo "2433"]
[BlackElo "2225"]
[PlyCount "76"]
[EventDate "2019.04.16"]
[EventType "swiss"]
[EventRounds "10"]
[EventCountry "COL"]
[SourceTitle "CBM 190 Extra"]
[Source "ChessBase"]
[SourceDate "2019.07.15"]
[SourceVersion "1"]
[SourceVersionDate "2019.07.15"]
[SourceQuality "1"]

1. d4 Nf6 2. Nf3 g6 3. g3 Bg7 4. Bg2 0-0 5. c4 d6 6. Nc3 Nc6 7. 0-0 a6 8. Qd3 Bf5 9. e4 Bg4 10. Ne1 e5 11. d5 Nd4 12. Be3 c5 13. dxc6 bxc6 14. f4 Bd7 15. Kh1 c5 16. Nf3 Re8 17. Rae1 Bc6 18. fxe5 dxe5 19. Bg5 h6 20. Bc1 Re7 21. Nd5 Nxd5 22. exd5 Nxf3 23. Qxf3 Bb7 24. Qf2 Qb6 25. Re3 f5 26. Rb3 Qd6 27. Be3 Rc8 28. a4 Rec7 29. a5 Qf8 30. Rb6 Kh7 31. b4 cxb4 32. c5 f4 33. gxf4 Rf7 34. Qc2 exf4 35. Qxg6+ Kg8 36. Be4 Qe7 37. Rxf4 Rxf4 38. Bxf4 Rf8 1-0

[Event "COL-ch"]
[Site "Bogota"]
[Date "2018.11.07"]
[Round "3"]
[White "Contreras, Henry"]
[Black "Pardo Sierra, Aurelio"]
[Result "1-0"]
[WhiteElo "2204"]
[BlackElo "1988"]
[PlyCount "67"]
[EventDate "2018.11.06"]
[EventType "swiss"]
[EventRounds "9"]
[EventCountry "COL"]
[SourceTitle "CBM 187 Extra"]
[Source "ChessBase"]
[SourceDate "2018.11.04"]
[SourceVersion "1"]
[SourceVersionDate "2018.11.04"]
[SourceQuality "1"]

1. e4 c6 2. d4 d5 3. Nd2 dxe4 4. Nxe4 Bf5 5. Ng3 Bg6 6. f4 e6 7. Nf3 Nd7 8. Be2 Bd6 9. 0-0 Ne7 10. Ng5 Nf6 11. c4 h5 12. Bf3 Nf5 13. Nxf5 Bxf5 14. h3 h4 15. Kh1 Kf8 16. Be3 Qc7 17. Qd2 Nh5 18. Bxh5 Rxh5 19. d5 exd5 20. cxd5 c5 21. Rac1 Rh6 22. Bxc5 Bxc5 23. b4 b6 24. bxc5 bxc5 25. Rfd1 Rd6 26. Qf2 Rc8 27. Qxh4 Rh6 28. Qf2 Qd7 29. Kh2 c4 30. Qd4 Bd3 31. Ne4 Re8 32. Nc5 Qf5 33. Nxd3 cxd3 34. Rxd3 1-0

[Event "COL-chT"]
[Site "Ibague"]
[Date "2018.10.11"]
[Round "1.1"]
[White "Escobar Forero, Alder"]
[Black "Contreras, Henry"]
[Result "1-0"]
[WhiteElo "2469"]
[BlackElo "2184"]
[PlyCount "50"]
[EventDate "2018.10.11"]
[EventType "team-swiss"]
[EventRounds "6"]
[EventCountry "COL"]
[SourceTitle "CBM 186 Extra"]
[Source "ChessBase"]
[SourceDate "2018.08.24"]
[SourceVersion "1"]
[SourceVersionDate "2018.08.24"]
[SourceQuality "1"]
[WhiteTeam "Risaralda"]
[BlackTeam "Meta"]
[WhiteTeamCountry "COL"]
[BlackTeamCountry "COL"]

1. e4 c5 2. b3 Nf6 3. e5 Nd5 4. Bb2 Nc6 5. Nf3 a6 6. Bc4 Nc7 7. Ng5 e6 8. f4 Be7 9. Qh5 Bxg5 10. fxg5 b6 11. Nc3 Nxe5 12. Ne4 d6 13. 0-0 Rf8 14. Rae1 Bb7 15. Nxd6+ Qxd6 16. Bxe5 Qc6 17. Re2 0-0-0 18. Rxf7 Rxf7 19. Qxf7 Nd5 20. Bxg7 Qd7 21. Qxe6 Qxe6 22. Rxe6 Nf4 23. Rxb6 Rxd2 24. Be5 Rxg2+ 25. Kf1 Rxg5 1-0

[Event "COL sub zt 2.3.4"]
[Site "La Dorada"]
[Date "2016.11.07"]
[Round "9"]
[White "Contreras, Henry"]
[Black "Jimenez, Jose Mauricio"]
[Result "0-1"]
[WhiteElo "2182"]
[BlackElo "2272"]
[PlyCount "65"]
[EventDate "2016.11.02"]
[EventType "swiss"]
[EventRounds "9"]
[EventCountry "COL"]
[SourceTitle "CBM 175 Extra"]
[Source "ChessBase"]
[SourceDate "2016.12.12"]
[SourceVersion "1"]
[SourceVersionDate "2016.12.12"]
[SourceQuality "1"]

1. e4 c5 2. Nf3 Nc6 3. d4 cxd4 4. Nxd4 Qc7 5. g3 Nf6 6. Nc3 e6 7. Bg2 a6 8. 0-0 Be7 9. a4 d6 10. Kh1 Bd7 11. Nb3 Ne5 12. f4 Nc4 13. Qe2 0-0 14. g4 Ne8 15. g5 f6 16. h4 Rc8 17. Nd2 fxg5 18. fxg5 g6 19. Rxf8+ Bxf8 20. Nxc4 Qxc4 21. Qxc4 Rxc4 22. Bd2 Bg7 23. Bf1 Bxc3 24. Bxc4 Bxd2 25. Kg2 Bf4 26. c3 Be5 27. Rf1 Nc7 28. a5 Bc6 29. Bd3 Ne8 30. Bc2 Ng7 31. Rf3 d5 32. Re3 d4 33. Rf3 0-1

[Event "COL pre olympic sf"]
[Site "Bogota"]
[Date "2016.05.29"]
[Round "7"]
[White "Mateus Urbano, Luis Alejandro"]
[Black "Contreras, Henry"]
[Result "1-0"]
[WhiteElo "2279"]
[BlackElo "2197"]
[PlyCount "75"]
[EventDate "2016.05.25"]
[EventType "swiss"]
[EventRounds "9"]
[EventCountry "COL"]
[SourceTitle "CBM 172 Extra"]
[Source "ChessBase"]
[SourceDate "2016.06.21"]
[SourceVersion "1"]
[SourceVersionDate "2016.06.21"]
[SourceQuality "1"]

1. e4 c5 2. c3 d5 3. exd5 Qxd5 4. d4 cxd4 5. cxd4 e5 6. Nf3 exd4 7. Qxd4 Nf6 8. Nc3 Qxd4 9. Nxd4 a6 10. Bg5 Be7 11. 0-0-0 0-0 12. Be2 Bd7 13. Bf3 Nc6 14. Nxc6 Bxc6 15. Bxc6 bxc6 16. Kc2 h6 17. Bh4 Rfe8 18. Rhe1 g5 19. Bg3 Kh7 20. h3 Kg6 21. Be5 Bb4 22. g4 Re6 23. a3 Bf8 24. Bxf6 Rxf6 25. Re2 h5 26. Rd3 hxg4 27. hxg4 Rb8 28. f3 Bg7 29. Re7 c5 30. Red7 Kh7 31. Ne4 Rfb6 32. b3 c4 33. bxc4 Rb2+ 34. Kd1 Ra2 35. Rd2 Rxa3 36. Rxf7 Kg6 37. Rf5 Ra1+ 38. Ke2 1-0

[Event "Medellin Navideno op"]
[Site "Medellin"]
[Date "2015.12.12"]
[Round "5"]
[White "Contreras, Henry"]
[Black "Rivera, Alberto"]
[Result "0-1"]
[WhiteElo "2203"]
[BlackElo "2344"]
[PlyCount "74"]
[EventDate "2015.12.10"]
[EventType "swiss"]
[EventRounds "7"]
[EventCountry "COL"]
[SourceTitle "CBM 169 Extra"]
[Source "ChessBase"]
[SourceDate "2015.12.18"]
[SourceVersion "1"]
[SourceVersionDate "2015.12.18"]
[SourceQuality "1"]

1. e4 c5 2. Nf3 e6 3. d4 cxd4 4. Nxd4 a6 5. Nc3 Qc7 6. g3 Bb4 7. Bd2 Nf6 8. Bg2 Nc6 9. Nxc6 bxc6 10. 0-0 Be7 11. Re1 e5 12. h3 0-0 13. Qe2 d6 14. Na4 h6 15. c4 Nd7 16. b4 Rd8 17. f4 Rb8 18. a3 Nb6 19. Nxb6 Qxb6+ 20. Kh2 Bf6 21. Be3 Qc7 22. f5 Bb7 23. Rac1 Qe7 24. c5 Bg5 25. cxd6 Rxd6 26. Red1 Rbd8 27. Rxd6 Rxd6 28. Rf1 Bxe3 29. Qxe3 Rd4 30. f6 Qd6 31. fxg7 Kxg7 32. Qf2 f6 33. Qf5 Rd2 34. h4 Qe7 35. Kh1 Rd8 36. Qg4+ Kh7 37. Rd1 Bc8 0-1